<?xml version="1.0" encoding="UTF-8"?>
<record
    xmlns:xsi="http://www.w3.org/2001/XMLSchema-instance"
    xsi:schemaLocation="http://www.loc.gov/MARC21/slim http://www.loc.gov/standards/marcxml/schema/MARC21slim.xsd"
    xmlns="http://www.loc.gov/MARC21/slim">

  <leader>02734nam a2200553Ia 4500</leader>
  <controlfield tag="001">30</controlfield>
  <controlfield tag="008">241029s9999    xx            000 0 und d</controlfield>
  <datafield tag="010" ind1=" " ind2=" ">
    <subfield code="a">25</subfield>
  </datafield>
  <datafield tag="041" ind1=" " ind2=" ">
    <subfield code="a">Espa&#xF1;ol</subfield>
  </datafield>
  <datafield tag="082" ind1=" " ind2=" ">
    <subfield code="a">MLLE-005</subfield>
  </datafield>
  <datafield tag="245" ind1=" " ind2="0">
    <subfield code="a">Compresi&#xF3;n lectora de los dicentes del 1er. Grado, Primer Ciclo del Nivel Medio en el Distrito Educativo 08-03, Licey al Medio Santiago. Per&#xED;odo 2011-2012.</subfield>
  </datafield>
  <datafield tag="260" ind1=" " ind2=" ">
    <subfield code="a">Santiago</subfield>
  </datafield>
  <datafield tag="300" ind1=" " ind2=" ">
    <subfield code="a">127</subfield>
  </datafield>
  <datafield tag="520" ind1=" " ind2=" ">
    <subfield code="a">5</subfield>
  </datafield>
  <datafield tag="630" ind1=" " ind2=" ">
    <subfield code="a">Competencia Ling&#xFC;&#xED;stica</subfield>
  </datafield>
  <datafield tag="630" ind1=" " ind2=" ">
    <subfield code="a">Comprensi&#xF3;n Lectora</subfield>
  </datafield>
  <datafield tag="630" ind1=" " ind2=" ">
    <subfield code="a">Estrategia de Aprendizaje</subfield>
  </datafield>
  <datafield tag="650" ind1=" " ind2=" ">
    <subfield code="a">Competencia Ling&#xFC;&#xED;stica</subfield>
  </datafield>
  <datafield tag="690" ind1=" " ind2=" ">
    <subfield code="a">Copiado sin cambios</subfield>
  </datafield>
  <datafield tag="700" ind1=" " ind2=" ">
    <subfield code="e">asesor</subfield>
    <subfield code="a">Sarrata, Martha Oritiana</subfield>
  </datafield>
  <datafield tag="700" ind1=" " ind2=" ">
    <subfield code="e">autor</subfield>
    <subfield code="a">Ure&#xF1;a Santos , Marri de los &#xC3;&#x81;ngeles</subfield>
  </datafield>
  <datafield tag="700" ind1=" " ind2=" ">
    <subfield code="e">autor</subfield>
    <subfield code="a">Antigua Ramos, Ram&#xF3;n de Jes&#xFA;s </subfield>
  </datafield>
  <datafield tag="901" ind1=" " ind2=" ">
    <subfield code="a">{"1":"Ure&#xF1;a Santos ","2":"Antigua Ramos"}</subfield>
    <subfield code="b">{"1":"Marri de los &#xC3;&#x81;ngeles","2":"Ram&#xF3;n de Jes&#xFA;s "}</subfield>
  </datafield>
  <datafield tag="902" ind1=" " ind2=" ">
    <subfield code="a">1</subfield>
  </datafield>
  <datafield tag="903" ind1=" " ind2=" ">
    <subfield code="a">{"1":"Sarrata"}</subfield>
    <subfield code="b">{"1":"Martha Oritiana"}</subfield>
  </datafield>
  <datafield tag="904" ind1=" " ind2=" ">
    <subfield code="a">Mag&#xED;ster en</subfield>
  </datafield>
  <datafield tag="905" ind1=" " ind2=" ">
    <subfield code="a">Ling&#xFC;&#xED;stica Aplicada</subfield>
  </datafield>
  <datafield tag="906" ind1=" " ind2=" ">
    <subfield code="a">1</subfield>
  </datafield>
  <datafield tag="907" ind1=" " ind2=" ">
    <subfield code="a">Orientada en</subfield>
  </datafield>
  <datafield tag="908" ind1=" " ind2=" ">
    <subfield code="a">Ense&#xF1;anza de la Lengua Espa&#xF1;ola</subfield>
  </datafield>
  <datafield tag="909" ind1=" " ind2=" ">
    <subfield code="a">ISFODOSU, Recinto Lu&#xED;s Napole&#xF3;n N&#xFA;&#xF1;ez Molina</subfield>
  </datafield>
  <datafield tag="910" ind1=" " ind2=" ">
    <subfield code="a">NULL</subfield>
    <subfield code="b">NULL</subfield>
  </datafield>
  <datafield tag="911" ind1=" " ind2=" ">
    <subfield code="a">["1"]</subfield>
  </datafield>
  <datafield tag="912" ind1=" " ind2=" ">
    <subfield code="a">NO APLICA</subfield>
  </datafield>
  <datafield tag="913" ind1=" " ind2=" ">
    <subfield code="a">NULL</subfield>
  </datafield>
  <datafield tag="914" ind1=" " ind2=" ">
    <subfield code="a">01 de Marzo de 2012</subfield>
  </datafield>
  <datafield tag="915" ind1=" " ind2=" ">
    <subfield code="a">21/11/19 02:11</subfield>
  </datafield>
  <datafield tag="916" ind1=" " ind2=" ">
    <subfield code="a">NULL</subfield>
  </datafield>
  <datafield tag="917" ind1=" " ind2=" ">
    <subfield code="a">NULL</subfield>
  </datafield>
  <datafield tag="918" ind1=" " ind2=" ">
    <subfield code="a">NO APLICA</subfield>
  </datafield>
  <datafield tag="919" ind1=" " ind2=" ">
    <subfield code="a">["37","43","93"]</subfield>
  </datafield>
  <datafield tag="520" ind1=" " ind2=" ">
    <subfield code="a">El reporte final del estudio fue estructurado en cinco (5) cap&#xED;tulos.El cap&#xED;tulo I: Introducci&#xF3;n, hace alusi&#xF3;n a los elementos introductorios de la investigaci&#xF3;n. Consta del planteamiento del problema, justificaci&#xF3;n del problema, or&#xED;genes hist&#xF3;ricos del mismo, importancia y relevancia del problema, preguntas de investigaci&#xF3;n, definici&#xF3;n de t&#xE9;rminos, objetivos de la investigaci&#xF3;n y justificaci&#xF3;n de la misma. &#xA0; &#xA0;El cap&#xED;tulo II: Revisi&#xF3;n de la Literatura, plasma las teor&#xED;as que han servido de gu&#xED;a para dirigir los horizontes de la investigaci&#xF3;n.El cap&#xED;tulo III: La metodolog&#xED;a empleada enfatiza el procedimiento llevado a cabo en la investigaci&#xF3;n.El cap&#xED;tulo IV y V: hacen referencia a los resultados obtenidos en el trance de la investigaci&#xF3;n.En cuanto a la comprensi&#xF3;n lectora, se determin&#xF3; que un 53% &#xA0;de los dicentes mostr&#xF3; buen dominio sobre la misma.Al medir los factores asociados con el h&#xE1;bito de lectura, se evidenci&#xF3; que se dedica poco tiempo a esta actividad pues s&#xF3;lo un 15% lee interdiario y los dem&#xE1;s, no planifican un tiempo espec&#xED;fico para dedicarlo a esta actividad.</subfield>
  </datafield>
  <datafield tag="921" ind1=" " ind2=" ">
    <subfield code="a">11</subfield>
  </datafield>
  <datafield tag="922" ind1=" " ind2=" ">
    <subfield code="a">11</subfield>
  </datafield>
  <datafield tag="923" ind1=" " ind2=" ">
    <subfield code="a">0</subfield>
  </datafield>
  <datafield tag="924" ind1=" " ind2=" ">
    <subfield code="a">NO APLICA</subfield>
  </datafield>
  <datafield tag="942" ind1=" " ind2=" ">
    <subfield code="c">Tesis</subfield>
  </datafield>
  <datafield tag="999" ind1=" " ind2=" ">
    <subfield code="c">25</subfield>
    <subfield code="d">25</subfield>
  </datafield>
</record>
